Dodatočné daňové priznanie fyzických osôb
Prevedenie opravy v riadnom daňovom priznaní. Predloženie dodatočného daňového priznania podľa par. 39 zákona č.511/1992 Zb. Príklad dodatočného daňového priznania fyzických osôb. Vzory tabuliek pre výpočet dane a výpočet základu dane, v ktorých musí byť vyznačený rozdiel v porovnaní s riadnym daňov...
Gespeichert in:
| 1. Verfasser: | |
|---|---|
| Format: | Buchkapitel |
| Sprache: | Slowakisch |
| Schlagworte: | |
| Tags: |
Keine Tags, Fügen Sie das erste Tag hinzu!
|
MARC
| LEADER | 00000naa a2200000 4500 | ||
|---|---|---|---|
| 001 | r020706 | ||
| 005 | 20230811094905.9 | ||
| 041 | 0 | |a slo | |
| 044 | |a SK | ||
| 245 | 1 | 0 | |a Dodatočné daňové priznanie fyzických osôb |c Juraj Lipták |
| 520 | |a Prevedenie opravy v riadnom daňovom priznaní. Predloženie dodatočného daňového priznania podľa par. 39 zákona č.511/1992 Zb. Príklad dodatočného daňového priznania fyzických osôb. Vzory tabuliek pre výpočet dane a výpočet základu dane, v ktorých musí byť vyznačený rozdiel v porovnaní s riadnym daňovým priznaním. | ||
| 610 | 2 | 0 | |a priznania daňové |
| 610 | 2 | 0 | |a daňovníci |
| 610 | 2 | 0 | |a osoby fyzické |
| 610 | 2 | 0 | |a dane z príjmov |
| 100 | 1 | |a Lipták, Juraj | |